[Event "7. Lovsprings EMT Basis 2 1995"]
[Site "Ringsted"]
[Date "1995.04.28"]
[Round "5"]
[White "Petersen, Jesper"]
[Black "Hansen, Erik Olsgaard"]
[Result "1-0"]
[WhiteElo "1578"]
[BlackElo "1565"]
[PlyCount "35"]
[EventDate "1995.??.??"]

1. d4 c6 2. c4 d5 3. Nc3 Bf5 4. cxd5 cxd5 5. Qb3 Nc6 6. Nf3 Qd7 7. Bf4 e6 8. e3
Bb4 9. Rc1 a6 10. a3 Ba5 11. Be2 Nf6 12. O-O Bxc3 13. Rxc3 Nh5 14. Ne5 Nxe5 15.
Bxe5 f6 16. Bxh5+ g6 17. Bxf6 O-O 18. Be5 1-0

[Event "7. Lovsprings EMT Basis 2 1995"]
[Site "Ringsted"]
[Date "1995.04.28"]
[Round "5"]
[White "Pondal, Jesper"]
[Black "Nielsen, Carl Otto"]
[Result "1-0"]
[WhiteElo "1635"]
[BlackElo "1648"]
[PlyCount "87"]
[EventDate "1995.??.??"]

1. d4 Nf6 2. Bg5 c5 3. Bxf6 gxf6 4. c3 Qb6 5. Qd2 d6 6. e3 Nc6 7. Na3 cxd4 8.
exd4 h5 9. Nc4 Qc7 10. Nf3 Bf5 11. Bd3 Bh6 12. Ne3 Bg4 13. Qe2 Qa5 14. b4 Qd8
15. h3 Bd7 16. d5 Ne5 17. Nxe5 Bxe3 18. Nxd7 Bxf2+ 19. Kxf2 Kxd7 20. Bb5+ Kc7
21. Rhe1 Kb8 22. Qxe7 Qb6+ 23. Re3 Qxb5 24. Qxf6 Re8 25. Qxd6+ Kc8 26. a4 Qd7
27. Qxd7+ Kxd7 28. Rae1 Rxe3 29. Rxe3 Kd6 30. c4 Rc8 31. Re4 b6 32. Ke3 Rg8 33.
g4 hxg4 34. hxg4 Rh8 35. Kd4 Rh1 36. c5+ bxc5+ 37. bxc5+ Kd7 38. Ke5 Rc1 39.
c6+ Ke7 40. d6+ Kd8 41. c7+ Kd7 42. Kd5 Rd1+ 43. Kc5 Rxd6 44. c8=Q+ 1-0

[Event "7. Lovsprings EMT Basis 2 1995"]
[Site "Ringsted"]
[Date "1995.04.28"]
[Round "5"]
[White "Steffensen, Hans Henrik"]
[Black "Jensen, Arne Skov"]
[Result "0-1"]
[WhiteElo "1546"]
[BlackElo "1537"]
[PlyCount "64"]
[EventDate "1995.??.??"]

1. d4 c5 2. d5 Nf6 3. c4 g6 4. Nc3 Bg7 5. Qc2 O-O 6. e4 d6 7. Nf3 Nbd7 8. h3
Ne8 9. Be2 a6 10. Bf4 Rb8 11. h4 b5 12. Qd2 bxc4 13. Bh6 Qb6 14. Bxg7 Kxg7 15.
Rb1 Ndf6 16. Qg5 h6 17. Qd2 Bg4 18. Nh2 Bxe2 19. Kxe2 Nc7 20. Nf3 Nb5 21. h5
Rh8 22. hxg6 fxg6 23. Qc2 Nd4+ 24. Nxd4 cxd4 25. Kf1 dxc3 26. Qxc3 Rbf8 27. f3
Kh7 28. Qxc4 Ng4 29. Qe2 Ne3+ 30. Kf2 Rc8 31. g4 Rc2 32. Ke1 Qb4+ 0-1

[Event "7. Lovsprings EMT Basis 2 1995"]
[Site "Ringsted"]
[Date "1995.05.05"]
[Round "6"]
[White "Aage, Bjarke Gadgaard"]
[Black "Hede, Kim Nygaard"]
[Result "0-1"]
[WhiteElo "1593"]
[BlackElo "1687"]
[PlyCount "20"]
[EventDate "1995.??.??"]

1. e4 e5 2. Nf3 Nc6 3. Bc4 Nf6 4. d4 exd4 5. Nxd4 Nxe4 6. Bxf7+ Kxf7 7. Qh5+ g6
8. Qd5+ Kg7 9. Qxe4 Bb4+ 10. c3 Re8 0-1

[Event "7. Lovsprings EMT Basis 2 1995"]
[Site "Ringsted"]
[Date "1995.05.05"]
[Round "6"]
[White "Elholm, Tommy"]
[Black "Nielsen, Carl Otto"]
[Result "1-0"]
[WhiteElo "1684"]
[BlackElo "1648"]
[PlyCount "102"]
[EventDate "1995.??.??"]

1. d4 Nf6 2. c4 e6 3. a3 b6 4. Bg5 Be7 5. Nd2 Bb7 6. Ngf3 O-O 7. e3 d6 8. Bd3
Nbd7 9. e4 e5 10. d5 Nc5 11. Bc2 a5 12. O-O Nfd7 13. Be3 Nf6 14. Ne1 Qd7 15.
Bxc5 bxc5 16. h3 g6 17. Nd3 Nh5 18. Qe1 Bg5 19. Nf3 Qe7 20. Ba4 Ba6 21. Qc3 Nf4
22. Nxf4 Bxf4 23. g3 Bh6 24. Nh2 Bc8 25. g4 Bf4 26. Nf3 h5 27. gxh5 Bxh3 28.
Kh1 Bxf1 29. Rxf1 g5 30. Rg1 Kh7 31. Nh2 Rg8 32. Ng4 f6 33. Bd7 Kg7 34. h6+ Kf8
35. Bf5 Rh8 36. Qh3 Rb8 37. b3 Rb6 38. a4 c6 39. dxc6 Rxc6 40. Kg2 Qf7 41. Rh1
Rc7 42. Qd3 Ke7 43. h7 Rd7 44. Rh6 Rdd8 45. Rxf6 Qxf6 46. Nxf6 Kxf6 47. Qh3 g4
48. Qh5 Rdg8 49. hxg8=N+ Kg7 50. Qg6+ Kf8 51. Be6 Rh2+ 1-0

[Event "7. Lovsprings EMT Basis 2 1995"]
[Site "Ringsted"]
[Date "1995.05.05"]
[Round "6"]
[White "Hansen, Erik Olsgaard"]
[Black "Eddy, Samuel"]
[Result "1/2-1/2"]
[WhiteElo "1565"]
[BlackElo "1690"]
[PlyCount "77"]
[EventDate "1995.??.??"]

1. e4 c6 2. d4 d5 3. e5 Bf5 4. g4 Be4 5. f3 Bg6 6. h4 h5 7. Bd3 Bxd3 8. Qxd3 e6
9. g5 Ne7 10. Ne2 Nf5 11. f4 Nd7 12. Ng3 Nxg3 13. Qxg3 g6 14. Be3 Qb6 15. b3 a5
16. O-O c5 17. c3 cxd4 18. Bxd4 Bc5 19. Qe3 Bxd4 20. Qxd4 Qxd4+ 21. cxd4 Rc8
22. Na3 Ke7 23. Rac1 Rc6 24. Rxc6 bxc6 25. Rc1 a4 26. Rxc6 axb3 27. axb3 Ra8
28. Nb5 Rb8 29. Nd6 Rxb3 30. Kg2 Rb4 31. Rc7 Rxd4 32. Kf3 Rb4 33. Nxf7 Rb3+ 34.
Kg2 Kxf7 35. Rxd7+ Kf8 36. Rd8+ Ke7 37. Rd6 Rb7 38. Kf3 Rd7 39. Ra6 1/2-1/2

[Event "7. Lovsprings EMT Basis 2 1995"]
[Site "Ringsted"]
[Date "1995.05.05"]
[Round "6"]
[White "Hojlund, Ib"]
[Black "Eckert, Svend"]
[Result "1-0"]
[WhiteElo "1651"]
[BlackElo "1663"]
[PlyCount "39"]
[EventDate "1995.??.??"]

1. e4 c5 2. Nf3 Nc6 3. d4 cxd4 4. Nxd4 d6 5. Nc3 g6 6. Be2 Bg7 7. Be3 Nf6 8.
Nxc6 bxc6 9. e5 dxe5 10. Qxd8+ Kxd8 11. Bc4 e6 12. Bg5 Ke7 13. Ne4 h6 14. Bxf6+
Bxf6 15. O-O-O Rb8 16. b3 Bg7 17. f3 Re8 18. Rd3 Bf8 19. Rhd1 Bb7 20. Rd7# 1-0

[Event "7. Lovsprings EMT Basis 2 1995"]
[Site "Ringsted"]
[Date "1995.05.05"]
[Round "6"]
[White "Jensen, Dan Bronnum"]
[Black "Jensen, Arne Skov"]
[Result "0-1"]
[WhiteElo "1601"]
[BlackElo "1537"]
[PlyCount "118"]
[EventDate "1995.??.??"]

1. c4 Nf6 2. Nc3 e6 3. e4 Nc6 4. Nf3 Bb4 5. d3 d6 6. g3 b6 7. Bg2 Bb7 8. O-O
O-O 9. Ne2 d5 10. exd5 exd5 11. a3 Be7 12. b4 a6 13. Bb2 Na7 14. Nfd4 Rb8 15.
Nf5 Re8 16. Re1 Bf8 17. Qc2 Bc8 18. Ne3 Be6 19. Bxf6 Qxf6 20. cxd5 Bf5 21. Nxf5
Qxf5 22. Be4 Qd7 23. a4 Bxb4 24. Rec1 Bd6 25. Nd4 g6 26. Nc6 Nxc6 27. dxc6 Qe6
28. Qc4 Qxc4 29. Rxc4 Rbd8 30. Rcc1 Be5 31. Ra2 Rd4 32. f4 Bg7 33. g4 Bh6 34.
Rf1 Red8 35. h4 R8d6 36. g5 Bg7 37. f5 Be5 38. Kg2 Kg7 39. fxg6 hxg6 40. Raf2
f5 41. gxf6+ Rxf6 42. Ra2 Rxf1 43. Kxf1 Bg3 44. Rg2 Bxh4 45. Rxg6+ Kf7 46. Rg4
Bf6 47. Bg6+ Ke6 48. Rxd4 Bxd4 49. Ke2 Kd6 50. Be8 Kc5 51. Kd2 Kb4 52. Kc2 Kxa4
53. Bf7 Kb4 54. Bh5 b5 55. Kb1 a5 56. Ka2 Kc3 57. Be2 Kc2 58. Bf1 b4 59. Bh3
b3+ 0-1

[Event "7. Lovsprings EMT Basis 2 1995"]
[Site "Ringsted"]
[Date "1995.05.05"]
[Round "6"]
[White "Jorgensen, Mikkel"]
[Black "Wesche, Thomas"]
[Result "1/2-1/2"]
[WhiteElo "1570"]
[BlackElo "1582"]
[PlyCount "67"]
[EventDate "1995.??.??"]

1. d4 Nf6 2. f3 d5 3. e4 dxe4 4. Nc3 Nc6 5. Be3 e5 6. d5 Nb4 7. fxe4 a5 8. Nf3
Bd6 9. Be2 O-O 10. O-O Na6 11. Nd2 Bc5 12. Bxc5 Nxc5 13. Bf3 b6 14. Re1 Ba6 15.
a3 Qd6 16. Be2 c6 17. Bxa6 Nxa6 18. Kh1 b5 19. Qe2 Nc7 20. Rad1 Qc5 21. Nf3 Ng4
22. Rd2 f6 23. h3 Nh6 24. Red1 Nf7 25. Nh4 cxd5 26. Nxd5 Nxd5 27. Rxd5 Qc4 28.
Qxc4 bxc4 29. Rc5 Rab8 30. Rxc4 Rxb2 31. Rd5 Ra8 32. Nf5 a4 33. Ne7+ Kf8 34.
Nf5 1/2-1/2

[Event "7. Lovsprings EMT Basis 2 1995"]
[Site "Ringsted"]
[Date "1995.05.05"]
[Round "6"]
[White "Larsen, Vagn"]
[Black "Petersen, Jesper"]
[Result "1-0"]
[WhiteElo "1697"]
[BlackElo "1578"]
[PlyCount "131"]
[EventDate "1995.??.??"]

1. d4 Nf6 2. Nf3 e6 3. Bg5 b6 4. e3 Bb7 5. Bd3 c5 6. Nbd2 cxd4 7. exd4 Nc6 8.
c3 Be7 9. O-O Nd5 10. Bxe7 Qxe7 11. Rc1 O-O 12. Re1 Rfd8 13. Nc4 Rac8 14. Ne3
Nf4 15. d5 Nb4 16. cxb4 Rxc1 17. Bxh7+ Kxh7 18. Qxc1 Bxd5 19. Nxd5 Nxd5 20. a3
Qf6 21. Re4 Kg8 22. Rc4 e5 23. Re4 d6 24. h4 Nf4 25. Qc7 Nd3 26. Re3 Nf4 27.
Qxa7 Rc8 28. Qxb6 Qg6 29. Ng5 Qb1+ 30. Kh2 Qf1 31. Qb7 Rf8 32. Qf3 Rc8 33. g3
f6 34. gxf4 fxg5 35. Rc3 Rxc3 36. bxc3 gxh4 37. fxe5 dxe5 38. Qd5+ Kh7 39. Qe4+
Kg8 40. Qxh4 Qc1 41. Qd8+ Kh7 42. Qd3+ Kg8 43. Qe3 Qxa3 44. Qxe5 Qa7 45. Kg3
Qa6 46. Kf3 Qd3+ 47. Qe3 Qd1+ 48. Ke4 Qg4+ 49. Kd3 Qf5+ 50. Kc4 Qf7+ 51. Kb5
Qd7+ 52. Ka5 Qd5+ 53. Qc5 Qa8+ 54. Kb5 Qb7+ 55. Ka4 Qd7+ 56. b5 Qg4+ 57. Ka5
Qe2 58. b6 Qa2+ 59. Kb5 Qb3+ 60. Kc6 Qe6+ 61. Kb7 Qd7+ 62. Kb8 Kh7 63. c4 Qd8+
64. Ka7 Qd7+ 65. b7 Qa4+ 66. Kb6 1-0

[Event "7. Lovsprings EMT Basis 2 1995"]
[Site "Ringsted"]
[Date "1995.05.05"]
[Round "6"]
[White "Madsen, Tino"]
[Black "Pondal, Jesper"]
[Result "1/2-1/2"]
[WhiteElo "1534"]
[BlackElo "1635"]
[PlyCount "33"]
[EventDate "1995.??.??"]

1. e4 c5 2. Nf3 d6 3. d4 cxd4 4. Nxd4 Nf6 5. Nc3 a6 6. Be3 e6 7. Bc4 Be7 8. O-O
O-O 9. Bb3 b5 10. a3 Qc7 11. f3 Nc6 12. Qe1 Na5 13. Rc1 Bd7 14. Qf2 Nc4 15.
Bxc4 Qxc4 16. Nb3 a5 17. Bb6 1/2-1/2

[Event "7. Lovsprings EMT Basis 2 1995"]
[Site "Ringsted"]
[Date "1995.05.19"]
[Round "7"]
[White "Elholm, Tommy"]
[Black "Eckert, Svend"]
[Result "0-1"]
[WhiteElo "1684"]
[BlackElo "1663"]
[PlyCount "58"]
[EventDate "1995.??.??"]

1. d4 Nf6 2. c4 e5 3. dxe5 Ne4 4. Nf3 d6 5. a3 Nc6 6. e3 Bf5 7. Be2 Be7 8. O-O
O-O 9. Nd4 Qd7 10. Nxc6 Qxc6 11. f3 Nc5 12. b4 Ne6 13. exd6 Bxd6 14. Qd5 Qxd5
15. cxd5 Be5 16. dxe6 Bxa1 17. exf7+ Kh8 18. Nd2 Rxf7 19. Nb3 Bf6 20. Bc4 Re7
21. e4 Be6 22. Bxe6 Rxe6 23. Rd1 Rd8 24. Rxd8+ Bxd8 25. Bf4 c6 26. Kf1 g5 27.
Nc5 Re8 28. Bd6 b6 29. Nb7 Bf6 0-1

[Event "7. Lovsprings EMT Basis 2 1995"]
[Site "Ringsted"]
[Date "1995.05.19"]
[Round "7"]
[White "Jensen, Arne Skov"]
[Black "Eddy, Samuel"]
[Result "0-1"]
[WhiteElo "1537"]
[BlackElo "1690"]
[PlyCount "86"]
[EventDate "1995.??.??"]

1. d4 d5 2. c4 e5 3. dxe5 d4 4. a3 a5 5. e3 Nc6 6. Nf3 Bg4 7. h3 Bxf3 8. Qxf3
Bc5 9. e6 Nf6 10. exf7+ Kxf7 11. e4 Re8 12. Bd3 Ne5 13. Qd1 Nxd3+ 14. Qxd3
Rxe4+ 15. Kd1 Qd7 16. Nd2 Re6 17. Nf3 Kg8 18. Re1 Rae8 19. Rxe6 Rxe6 20. b3 Ne4
21. Ke1 Bxa3 22. Kf1 Bb4 23. Qxd4 Qe7 24. Be3 Bc3 25. Qd1 Bxa1 26. Qxa1 b6 27.
Nd4 Qf6 28. Qc1 Rd6 29. Nb5 Rd2 30. Kg1 Rd7 31. f3 Qd8 32. Nc3 Nxc3 33. Qxc3
Rd3 34. Qe5 Rxb3 35. Qe6+ Kh8 36. Bg5 Rb1+ 37. Kh2 Qd6+ 38. Qxd6 cxd6 39. Be7
Rd1 40. Bd8 a4 41. Bxb6 a3 42. c5 dxc5 43. Bxc5 a2 0-1

[Event "7. Lovsprings EMT Basis 2 1995"]
[Site "Ringsted"]
[Date "1995.05.19"]
[Round "7"]
[White "Jensen, Dan Bronnum"]
[Black "Hede, Kim Nygaard"]
[Result "1-0"]
[WhiteElo "1601"]
[BlackElo "1687"]
[PlyCount "95"]
[EventDate "1995.??.??"]

1. c4 Nf6 2. Nc3 e6 3. e4 d5 4. e5 Nfd7 5. d4 Nb6 6. c5 N6d7 7. Bd3 b6 8. cxb6
axb6 9. Bf4 c5 10. Nf3 Nc6 11. Bb5 Qc7 12. O-O Ba6 13. a4 Be7 14. Bxa6 Rxa6 15.
Nb5 Qb8 16. Nd6+ Bxd6 17. exd6 O-O 18. Qd3 Qa7 19. b3 Nb4 20. Qd2 Nf6 21. dxc5
bxc5 22. Qe2 Ne4 23. Rac1 Nxd6 24. Bxd6 Rxd6 25. Qb5 Na6 26. Ne5 Rb8 27. Qd3 f6
28. Ng4 Qe7 29. Qg3 Rdb6 30. Rb1 c4 31. b4 Rxb4 32. Rxb4 Rxb4 33. Ra1 h5 34.
Ne3 Rb3 35. Qh4 Qf7 36. Qf4 Qc7 37. Qh4 Qe5 38. Re1 Qc3 39. Rf1 Qe5 40. Nc2 Rd3
41. Ne1 Rd4 42. Qh3 Rd1 43. f4 Qd4+ 44. Kh1 Qf2 45. Qxe6+ Kh7 46. Rxf2 Nc5 47.
Qe2 Nd3 48. Rf1 1-0

[Event "7. Lovsprings EMT Basis 2 1995"]
[Site "Ringsted"]
[Date "1995.05.19"]
[Round "7"]
[White "Madsen, Tino"]
[Black "Larsen, Vagn"]
[Result "1/2-1/2"]
[WhiteElo "1534"]
[BlackElo "1697"]
[PlyCount "116"]
[EventDate "1995.??.??"]

1. e4 d6 2. d4 Nf6 3. Nc3 g6 4. Be3 Bg7 5. h3 O-O 6. Qd2 Nbd7 7. Bh6 c5 8. Bxg7
Kxg7 9. Nf3 Qa5 10. Bc4 Nb6 11. Be2 Na4 12. Nxa4 Qxa4 13. b3 Qc6 14. d5 Qc7 15.
Bd3 Bd7 16. O-O b5 17. Rfe1 a5 18. c4 b4 19. Qb2 Kg8 20. Qd2 Kg7 21. Qb2 Kg8
22. Qd2 a4 23. Qb2 Ra7 24. e5 dxe5 25. Nxe5 Rfa8 26. Nf3 Qd6 27. bxa4 Rxa4 28.
Bc2 Ra3 29. Re3 Rxe3 30. fxe3 Ra3 31. Bb3 Qg3 32. Qe5 Qxe5 33. Nxe5 Ba4 34. Rb1
Ne4 35. Bxa4 Rxa4 36. Rb2 Nc3 37. Nd3 Ra5 38. Nc1 Kg7 39. Nb3 Rxa2 40. Rxa2
Nxa2 41. Nxc5 Nc1 42. Na4 Kf6 43. Kf2 b3 44. Nb2 Ke5 45. Ke1 Na2 46. Kd2 Ke4
47. Na4 Ke5 48. Nb2 f5 49. g3 e6 50. dxe6 Kxe6 51. Kd3 g5 52. e4 fxe4+ 53. Kxe4
Nc1 54. Ke3 Kd6 55. Kd2 Na2 56. Na4 h5 57. g4 hxg4 58. hxg4 Ke5 1/2-1/2

[Event "7. Lovsprings EMT Basis 2 1995"]
[Site "Ringsted"]
[Date "1995.05.19"]
[Round "7"]
[White "Nielsen, Carl Otto"]
[Black "Petersen, Jesper"]
[Result "1/2-1/2"]
[WhiteElo "1648"]
[BlackElo "1578"]
[PlyCount "82"]
[EventDate "1995.??.??"]

1. d4 Nf6 2. c4 e6 3. Nc3 Bb4 4. e3 b6 5. Bd3 Bb7 6. Nf3 O-O 7. O-O d5 8. cxd5
Nxd5 9. Nxd5 Qxd5 10. Qc2 Qh5 11. e4 Nc6 12. a3 Be7 13. Bf4 Qg4 14. Bg3 f5 15.
h3 Qh5 16. exf5 exf5 17. d5 Nd8 18. Bc4 Bd6 19. Be5 Nf7 20. Rfe1 Rae8 21. Qc3
Nxe5 22. Nxe5 Re7 23. Nc6 Bxc6 24. dxc6+ Kh8 25. Rxe7 Bxe7 26. Re1 Bf6 27. Qg3
Qh4 28. Qxh4 Bxh4 29. b4 Rd8 30. g3 Bf6 31. h4 g6 32. Kf1 Kg7 33. Re3 Kf8 34.
f3 Rd6 35. Re6 Rxe6 36. Bxe6 Ke7 37. Bg8 h5 38. b5 Bb2 39. a4 Kf6 40. f4 Bd4
41. Ke2 Bc5 1/2-1/2

[Event "7. Lovsprings EMT Basis 2 1995"]
[Site "Ringsted"]
[Date "1995.05.19"]
[Round "7"]
[White "Pedersen, Jens Peter Fischer"]
[Black "Wesche, Thomas"]
[Result "0-1"]
[WhiteElo "1622"]
[BlackElo "1582"]
[PlyCount "102"]
[EventDate "1995.??.??"]

1. e4 e5 2. d4 exd4 3. Nf3 Nc6 4. Bc4 d6 5. h3 Nf6 6. O-O Be7 7. Nxd4 Nxe4 8.
Nxc6 bxc6 9. Qf3 d5 10. Bd3 Nf6 11. Bf4 O-O 12. Nc3 Rb8 13. b3 Bd6 14. Bg3 Re8
15. Rad1 Be6 16. Ne2 c5 17. Nf4 Qd7 18. Nh5 Nxh5 19. Qxh5 g6 20. Qh6 Bxg3 21.
fxg3 f5 22. h4 Rb4 23. Kh2 c6 24. c3 Rb7 25. h5 Qg7 26. Qg5 Rbe7 27. h6 Qf8 28.
Rf4 Kh8 29. Rdf1 Rf7 30. Kg1 Qe7 31. Qxe7 Rfxe7 32. g4 g5 33. R4f2 f4 34. Be2
Kg8 35. Kh2 Bf7 36. Ba6 Re3 37. Bb7 Rxc3 38. Bxc6 Re7 39. Rd2 d4 40. Bf3 d3 41.
Rfd1 Bg6 42. Kg1 Kf7 43. Kf1 Re3 44. a3 a5 45. Kf2 Ke6 46. b4 axb4 47. axb4
cxb4 48. Ra1 Rc2 49. Rad1 b3 50. g3 Ke5 51. gxf4+ gxf4 0-1

[Event "7. Lovsprings EMT Basis 2 1995"]
[Site "Ringsted"]
[Date "1995.05.19"]
[Round "7"]
[White "Pondal, Jesper"]
[Black "Hojlund, Ib"]
[Result "1-0"]
[WhiteElo "1635"]
[BlackElo "1651"]
[PlyCount "119"]
[EventDate "1995.??.??"]

1. d4 Nf6 2. Bg5 Ne4 3. h4 d5 4. Nd2 Nc6 5. e3 Nxg5 6. hxg5 e6 7. f4 Qd6 8. c3
Bd7 9. Bd3 g6 10. Ngf3 O-O-O 11. Qe2 Bg7 12. Nb3 b6 13. a4 a5 14. Ne5 Bxe5 15.
dxe5 Qe7 16. Rh6 Rdg8 17. Kd2 Qf8 18. Rah1 Rg7 19. Bb5 Ne7 20. Bxd7+ Kxd7 21.
Qb5+ Kd8 22. Qa6 Qe8 23. Qa8+ Nc8 24. Ra1 c5 25. Nc1 Qd7 26. Ne2 Ke7 27. Ke1
Rgg8 28. Qa6 Qa7 29. Qd3 Rd8 30. Kf2 Rdg8 31. Rah1 Rg7 32. Ng1 Qd7 33. b3 Qc7
34. Nh3 Na7 35. Kg3 Nc6 36. Nf2 Kf8 37. Ng4 Ne7 38. Kf2 c4 39. bxc4 dxc4 40.
Qd2 Nd5 41. e4 Ne7 42. Nf6 Ng8 43. Nxh7+ Ke7 44. R6h3 Qd8 45. Qxd8+ Kxd8 46.
Ke3 Kc7 47. Kd4 Ne7 48. Kxc4 Nc6 49. Nf6 Rxh3 50. gxh3 Kb7 51. Rd1 Nb8 52. Kb5
Ka7 53. Rd6 Kb7 54. Rxb6+ Kc8 55. Kxa5 Nd7 56. Rc6+ Kb7 57. Nxd7 Kxc6 58. Nf6
Kc5 59. Ka6 Kc6 60. a5 1-0

[Event "7. Lovsprings EMT Basis 3 1995"]
[Site "Ringsted"]
[Date "1995.03.17"]
[Round "2"]
[White "Danielsen, Laurits"]
[Black "Paustian, Dennis"]
[Result "0-1"]
[WhiteElo "1211"]
[BlackElo "1526"]
[PlyCount "84"]
[EventDate "1995.??.??"]

1. e4 c5 2. Nf3 d6 3. Bc4 Nf6 4. Nc3 a6 5. Ng5 e6 6. O-O b5 7. Be2 h6 8. Nf3 b4
9. Na4 Nxe4 10. d3 Nf6 11. a3 Bb7 12. c4 Nc6 13. Bd2 a5 14. b3 Be7 15. h3 Nh7
16. Be3 Ng5 17. Nd2 e5 18. f4 exf4 19. Bxf4 Ne6 20. Be3 Ncd4 21. Nf3 Nxe2+ 22.
Qxe2 Bf6 23. Ra2 O-O 24. Qf2 Qc7 25. Qg3 Kh8 26. Rd1 Bxf3 27. Qxf3 Bd4 28. axb4
axb4 29. Qg3 Bxe3+ 30. Qxe3 Nd4 31. Rb1 Rae8 32. Qf2 Re6 33. Re1 Rxe1+ 34. Qxe1
Nxb3 35. Re2 Qc6 36. Nb2 Nd4 37. Re4 Ne6 38. Kh2 d5 39. Re5 dxc4 40. Nxc4 Kg8
41. Qg3 Qc7 42. Qf2 f6 0-1

[Event "7. Lovsprings EMT Basis 3 1995"]
[Site "Ringsted"]
[Date "1995.03.17"]
[Round "2"]
[White "Hansen, Steen"]
[Black "Andersen, Kim"]
[Result "0-1"]
[WhiteElo "1351"]
[BlackElo "1331"]
[PlyCount "110"]
[EventDate "1995.??.??"]

1. d4 g6 2. c4 Bg7 3. Nc3 Nf6 4. e4 d6 5. Be2 O-O 6. Nf3 Nbd7 7. Be3 Ng4 8. Bg5
f6 9. Bc1 e5 10. h3 Nh6 11. g4 Nf7 12. h4 h6 13. Nd5 c6 14. Ne3 Re8 15. d5 Nc5
16. Qc2 cxd5 17. cxd5 Bd7 18. O-O Rc8 19. Qb1 Kh7 20. Kh2 Rg8 21. Rg1 Qe7 22.
Bd1 Bb5 23. Ne1 h5 24. a4 Bd7 25. b4 Na6 26. Nf3 Bh6 27. gxh5 gxh5 28. Rxg8
Rxg8 29. Be2 Bf4+ 30. Kh1 Nh6 31. Bxa6 Bh3 32. Bf1 Bxf1 33. Nxf1 Qg7 34. Ng3
Bxg3 35. Bxh6 Qg4 36. Qf1 Qxf3+ 37. Qg2 Qxg2+ 38. Kxg2 Bf4+ 39. Kf3 Kxh6 40.
Ra3 Rg4 41. Rc3 Rxh4 42. Rc7 Rh3+ 43. Ke2 Ra3 44. Rxb7 Rxa4 45. Kf3 Ra3+ 46.
Ke2 h4 47. Rd7 Ra6 48. b5 Rb6 49. Rxa7 Rxb5 50. Ra6 h3 51. Rxd6 h2 52. Rxf6+
Kg5 53. Rf5+ Kg6 54. Rf8 h1=Q 55. Rg8+ Kf7 0-1

[Event "7. Lovsprings EMT Basis 3 1995"]
[Site "Ringsted"]
[Date "1995.03.17"]
[Round "2"]
[White "Krag Jacobsen, Alan"]
[Black "Brogger, Jesper"]
[Result "0-1"]
[WhiteElo "1247"]
[BlackElo "1502"]
[PlyCount "110"]
[EventDate "1995.??.??"]

1. c4 f5 2. Nf3 Nf6 3. Nc3 e6 4. a3 Be7 5. e3 O-O 6. Be2 b6 7. O-O Bb7 8. b3 d6
9. Bb2 Nbd7 10. Nd4 Qc8 11. Nxe6 Re8 12. Nd4 Ne5 13. f4 Neg4 14. h3 Nh6 15. Bf3
c5 16. Nc2 Nf7 17. Ne1 Bf8 18. Bxb7 Qxb7 19. Nf3 Qd7 20. Re1 a6 21. Qc2 b5 22.
cxb5 axb5 23. Rad1 d5 24. d3 Qc6 25. Nb1 Nd7 26. Rc1 Qb7 27. Qe2 Nb6 28. Ne5
Nxe5 29. Bxe5 c4 30. d4 Bxa3 31. Rc2 Rec8 32. Ra2 Bf8 33. Rxa8 Rxa8 34. Rc1 Qa6
35. Nc3 b4 36. Nd1 Qa3 37. bxc4 Qxc1 38. c5 Nc4 39. Kf2 b3 40. Kg3 b2 41. Nxb2
Qxb2 42. Qf3 Nxe5 43. Qxd5+ Nf7 44. Qxa8 Qe2 45. Qe8 Qc4 46. c6 Nd6 47. Qd7 Qf7
48. Qd8 Qe8 49. c7 Qxe3+ 50. Kh2 Qxf4+ 51. Kh1 Qc1+ 52. Kh2 Qc6 53. d5 Qb7 54.
Qd7 Qc8 55. Qd8 Kf7 0-1

[Event "7. Lovsprings EMT Basis 3 1995"]
[Site "Ringsted"]
[Date "1995.03.17"]
[Round "2"]
[White "Larsen, Ole"]
[Black "Kristensen, Benny"]
[Result "1-0"]
[WhiteElo "1387"]
[BlackElo "1385"]
[PlyCount "89"]
[EventDate "1995.??.??"]

1. e4 c5 2. Nf3 d6 3. d4 cxd4 4. Nxd4 Nf6 5. Nc3 a6 6. h3 e5 7. Nf3 b5 8. a3
Bb7 9. Bg5 Nbd7 10. Bd3 Be7 11. O-O Qc7 12. Nh4 h6 13. Bxf6 Nxf6 14. Nf5 O-O
15. Qf3 Bc8 16. Nxe7+ Qxe7 17. Be2 Bb7 18. Qe3 d5 19. exd5 Nxd5 20. Nxd5 Bxd5
21. Rad1 Rfd8 22. Rd2 f5 23. f3 f4 24. Qf2 Be6 25. Rfd1 Rxd2 26. Rxd2 g5 27.
Qb6 Qa7 28. Qxa7 Rxa7 29. Rd6 Kf7 30. Bd3 Ke7 31. Rb6 h5 32. Bg6 g4 33. h4 Rd7
34. Bd3 Rd6 35. Rxd6 Kxd6 36. Bg6 g3 37. Kf1 Bc4+ 38. Ke1 Kd5 39. b3 b4 40.
bxc4+ Kxc4 41. axb4 Kxb4 42. Kd2 a5 43. Bxh5 e4 44. fxe4 a4 45. Ke2 1-0

[Event "7. Lovsprings EMT Basis 3 1995"]
[Site "Ringsted"]
[Date "1995.03.17"]
[Round "2"]
[White "Lassur, Benjamin"]
[Black "Hansen, Per"]
[Result "1-0"]
[WhiteElo "1364"]
[BlackElo "1300"]
[PlyCount "115"]
[EventDate "1995.??.??"]

1. d4 Nf6 2. c4 e5 3. dxe5 Ng4 4. Nf3 Nc6 5. b3 Bb4+ 6. Bd2 Bxd2+ 7. Nbxd2 Qe7
8. g3 Ngxe5 9. Bg2 Nd3+ 10. Kf1 Nde5 11. Qc2 O-O 12. e3 d6 13. Nxe5 Qxe5 14.
Rd1 Bf5 15. Be4 Bxe4 16. Qxe4 Qxe4 17. Nxe4 Rad8 18. Nc3 a6 19. Kg2 Ne7 20. Rd2
Rd7 21. Rhd1 Rfd8 22. e4 c6 23. f4 f5 24. e5 d5 25. cxd5 cxd5 26. Na4 Rc7 27.
b4 Kf7 28. a3 Ke6 29. Kf3 b5 30. Nc5+ Kf7 31. Rd3 Ra7 32. h3 Re8 33. g4 g6 34.
g5 Rea8 35. e6+ Kg7 36. Nd7 Rxd7 37. exd7 Rd8 38. Re1 Rxd7 39. Ke3 Kf7 40. Kd4
Ke8 41. Rde3 Kd8 42. Rc1 Nc8 43. Rc6 Ra7 44. Ree6 a5 45. bxa5 Rxa5 46. Ra6 Rxa6
47. Rxa6 Kd7 48. Kxd5 Kc7 49. Rc6+ Kb7 50. Rxc8 Kxc8 51. Kc5 Kb7 52. Kxb5 Ka7
53. a4 Kb7 54. a5 Ka7 55. a6 Ka8 56. Kb6 Kb8 57. a7+ Ka8 58. Ka6 1-0

[Event "7. Lovsprings EMT Basis 3 1995"]
[Site "Ringsted"]
[Date "1995.03.17"]
[Round "2"]
[White "Nielsen, Kurt"]
[Black "Petersen, Torben William"]
[Result "1-0"]
[WhiteElo "1393"]
[BlackElo "1305"]
[PlyCount "47"]
[EventDate "1995.??.??"]

1. Nf3 Nf6 2. c4 e6 3. d4 d5 4. Nc3 c6 5. a3 Nbd7 6. Bf4 Be7 7. h3 dxc4 8. e3
b5 9. Be2 O-O 10. O-O Nb6 11. Ne5 Bb7 12. Bf3 Nbd5 13. Bh2 Nxc3 14. bxc3 Nd5
15. Qc2 f6 16. Ng4 Bd6 17. e4 Bxh2+ 18. Nxh2 Nf4 19. Rfd1 Qe7 20. Nf1 e5 21.
Ne3 Rad8 22. Nf5 Qf7 23. Rd2 Qg6 24. Ne7+ 1-0

[Event "7. Lovsprings EMT Basis 3 1995"]
[Site "Ringsted"]
[Date "1995.03.17"]
[Round "2"]
[White "Svava, Mogens"]
[Black "Jensen, Finn Anker"]
[Result "1-0"]
[WhiteElo "1518"]
[BlackElo "1269"]
[PlyCount "29"]
[EventDate "1995.??.??"]

1. Nf3 Nf6 2. g3 c5 3. c3 Nc6 4. d4 e6 5. Bg2 d5 6. O-O Be7 7. Re1 O-O 8. Nbd2
b6 9. e4 cxd4 10. exd5 Nxd5 11. Nxd4 Bb7 12. N2b3 f5 13. Nxe6 Nxc3 14. Qxd8
Nxd8 15. Bxb7 1-0

[Event "7. Lovsprings EMT Basis 3 1995"]
[Site "Ringsted"]
[Date "1995.03.24"]
[Round "3"]
[White "Andersen, Kim"]
[Black "Danielsen, Laurits"]
[Result "1-0"]
[WhiteElo "1331"]
[BlackElo "1211"]
[PlyCount "91"]
[EventDate "1995.??.??"]

1. e4 c5 2. Nf3 Nc6 3. d4 d5 4. exd5 Qxd5 5. Nc3 Qd8 6. Bb5 a6 7. Bxc6+ bxc6 8.
dxc5 Qxd1+ 9. Nxd1 e6 10. Be3 Nf6 11. O-O Ne4 12. b4 a5 13. c3 axb4 14. cxb4
Be7 15. Ne5 Bf6 16. Bd4 Bb7 17. Ne3 Bxe5 18. Bxe5 O-O 19. Rfd1 f6 20. Bb2 Rfd8
21. Rxd8+ Rxd8 22. Rd1 Rd2 23. Rxd2 Nxd2 24. f3 Ba6 25. Kf2 f5 26. Ke1 Nc4 27.
Nxc4 Bxc4 28. a3 g6 29. f4 Kf8 30. Kd2 Ke8 31. Kc3 Be2 32. a4 Kd7 33. Kd4 Bf1
34. g3 h6 35. Bc3 g5 36. Ke5 Ke7 37. b5 cxb5 38. a5 Bg2 39. Bb4 Bc6 40. fxg5
hxg5 41. h4 gxh4 42. gxh4 Kf7 43. Bd2 Ke7 44. h5 Be8 45. h6 Bg6 46. a6 1-0

[Event "7. Lovsprings EMT Basis 3 1995"]
[Site "Ringsted"]
[Date "1995.03.24"]
[Round "3"]
[White "Andersson, Martin"]
[Black "Paustian, Dennis"]
[Result "1/2-1/2"]
[WhiteElo "1384"]
[BlackElo "1526"]
[PlyCount "38"]
[EventDate "1995.??.??"]

1. e4 c5 2. Nf3 d6 3. c3 Nf6 4. Qc2 Nc6 5. d4 cxd4 6. Nxd4 Bd7 7. Bc4 Rc8 8.
Nxc6 Bxc6 9. Qb3 e6 10. f3 Be7 11. Be3 b6 12. O-O O-O 13. a4 Qc7 14. Na3 d5 15.
exd5 Nxd5 16. Bxd5 Bxd5 17. Qc2 Bxa3 18. Rxa3 Rfd8 19. Raa1 Rd7 1/2-1/2